[Event "ch-FRA Blitz Online Qual"]
[Site "Europe-Chess INT"]
[Date "2020.05.16"]
[Round "12"]
[White "Nicolas, Guillaume"]
[Black "Cavailles, Evan"]
[Result "1-0"]
[WhiteElo "2143"]
[BlackElo "2018"]
[WhiteFideId "20646607"]
[BlackFideId "36048445"]
[EventDate "2020.05.16"]

1. e4 c5 2. Nf3 Nc6 3. d4 cxd4 4. Nxd4 Qb6 5. Nb3 Nf6 6. Be3 Qc7 7. f3 e6 8. c4
a6 9. Nc3 Be7 10. Rc1 O-O 11. Be2 b6 12. O-O Bb7 13. Nd5 exd5 14. cxd5 Rac8 15.
Nd4 Bc5 16. dxc6 dxc6 17. Qb3 Rfd8 18. Rfd1 Rd7 19. Nf5 Bxe3+ 20. Qxe3 Rcd8 21.
Qg5 Ne8 22. h4 g6 23. Nh6+ Kg7 24. Ng4 Rxd1+ 25. Rxd1 Rxd1+ 26. Bxd1 Qd6 27. Bb3
Qd4+ 28. Kh2 Nf6 29. h5 Nxg4+ 30. Qxg4 Qe5+ 31. Kh3 Qxh5+ 32. Qxh5 gxh5 33. Kh4
Kg6 34. f4 c5 35. Bc2 Kh6 36. g3 b5 37. e5 c4 38. f5 Bc8 39. a3 a5 40. Be4 b4
41. axb4 axb4 42. Bc2 c3 43. bxc3 bxc3 44. g4 hxg4 45. Kxg4 Kg7 46. Kg5 h6+ 47.
Kh5 Bb7 48. f6+ Kf8 49. Kxh6 Bd5 50. Kg5 Ke8 51. Kf4 Kd7 52. Ke3 Ke6 53. Kd4 Ba2
54. Bd1 Bb1 55. Bb3+ Kf5 56. e6 fxe6 57. f7 c2 58. Bxc2+ Bxc2 59. f8=Q+ Kg6 60.
Qg8+ Kf6 61. Qh8+ Ke7 62. Qg7+ Kd6 63. Qg3+ Kd7 64. Kc5 Bf5 65. Qd6+ Ke8 66. Kd4
Bg4 67. Ke5 Bf5 68. Kf6 e5 69. Qe7# 1-0

[Event "ch-FRA Blitz Online Qual"]
[Site "Europe-Chess INT"]
[Date "2020.05.16"]
[Round "12"]
[White "Lambert, Adrien"]
[Black "Bernard, Louis"]
[Result "1-0"]
[WhiteElo "2123"]
[BlackElo "1993"]
[WhiteFideId "624772"]
[BlackFideId "36075191"]
[EventDate "2020.05.16"]

1. e4 e5 2. f4 Bc5 3. Nf3 d5 4. exd5 Qxd5 5. Nc3 Qe6 6. fxe5 Nc6 7. d4 Bxd4 8.
Nxd4 Qxe5+ 9. Qe2 Qxe2+ 10. Ndxe2 Bf5 11. Bf4 O-O-O 12. Rd1 Nf6 13. Ng3 Bxc2 14.
Rxd8+ Rxd8 15. Be2 Nd4 16. Bc4 c6 17. O-O b5 18. Bxf7 b4 19. Nce2 Nxe2+ 20. Nxe2
Bd3 21. Re1 Rf8 22. Be6+ Kb7 23. Nd4 Re8 24. Bg3 c5 25. Nb3 Ne4 26. Bd5+ Kb6 27.
Bxe4 Bxe4 28. Nd2 Bg6 29. Rxe8 Bxe8 30. Nc4+ Kc6 31. Bf2 Bf7 32. b3 a6 33. Ne5+ 1-0

[Event "ch-FRA Blitz Online Qual"]
[Site "Europe-Chess INT"]
[Date "2020.05.16"]
[Round "12"]
[White "Richard, Emma"]
[Black "Fretel, Liza"]
[Result "0-1"]
[WhiteTitle "WFM"]
[WhiteElo "2160"]
[BlackElo "1934"]
[WhiteFideId "657590"]
[BlackFideId "26045460"]
[EventDate "2020.05.16"]

1. e4 c5 2. Nf3 Nc6 3. Bb5 Nf6 4. Qe2 g6 5. O-O Qc7 6. d3 Bg7 7. h3 a6 8. Bc4 b5
9. Bb3 d6 10. c3 O-O 11. Bf4 Nd7 12. Rd1 Bb7 13. d4 Na5 14. Bd5 Bxd5 15. exd5
Nf6 16. dxc5 Qxc5 17. Qxe7 Nc4 18. b4 Qb6 19. Nbd2 Nxd2 20. Rxd2 Rad8 21. Qe3
Qc7 22. Rc1 Rfe8 23. Qd3 Ne4 24. Rdc2 Rc8 25. Nd4 Qc4 26. Qxc4 Rxc4 27. Nc6 Nxc3
28. Bxd6 Ne2+ 29. Rxe2 Rxc1+ 30. Kh2 Rxe2 31. Ne7+ Kh8 32. Bc5 Rd2 33. d6 Bf6
34. Nc6 Rcd1 35. Nb8 Be5+ 0-1

[Event "ch-FRA Blitz Online Qual"]
[Site "Europe-Chess INT"]
[Date "2020.05.16"]
[Round "12"]
[White "Pottier, Simeon"]
[Black "Martinez Martinez, Mateo"]
[Result "0-1"]
[WhiteElo "2186"]
[BlackElo "1917"]
[WhiteFideId "26069296"]
[BlackFideId "36055140"]
[EventDate "2020.05.16"]

1. d4 Nf6 2. c4 e6 3. Nc3 Bb4 4. e3 O-O 5. Bd3 c5 6. Nf3 Bxc3+ 7. bxc3 d6 8. O-O
Nc6 9. e4 e5 10. d5 Na5 11. Nh4 Nxe4 12. Bxe4 Qxh4 13. Qe2 f5 14. Bd3 b6 15. g3
Qf6 16. Bd2 e4 17. Bc2 Ba6 18. Bb3 Rae8 19. Rae1 g5 20. Qh5 h6 21. h4 f4 22.
gxf4 gxf4 23. Kh1 Kh7 24. Rg1 Rg8 25. Rxg8 Rxg8 26. Rxe4 Qg7 27. Qf5+ Kh8 28.
Kh2 Qg2# 0-1

[Event "ch-FRA Blitz Online Qual"]
[Site "Europe-Chess INT"]
[Date "2020.05.16"]
[Round "12"]
[White "Morais, Mario"]
[Black "Rasolo, Loick"]
[Result "1/2-1/2"]
[WhiteElo "2061"]
[BlackElo "1951"]
[WhiteFideId "614270"]
[BlackFideId "36004049"]
[EventDate "2020.05.16"]

1. d4 Nf6 2. Nc3 d5 3. Bg5 Nbd7 4. Qd3 c6 5. f3 e5 6. dxe5 Nxe5 7. Qd4 Bd6 8. e4
O-O 9. exd5 Re8 10. O-O-O c5 11. Qh4 Ng6 12. Bxf6 Nxh4 13. Bxd8 Rxd8 14. g3 Ng6
15. f4 Bg4 16. Be2 Bxe2 17. Ngxe2 a6 18. a4 Ne7 19. Ne4 h6 20. N2c3 f5 21. Nxd6
Rxd6 22. Rhe1 Kf7 23. Re5 g6 24. Rde1 Rd7 25. a5 Rad8 26. Rd1 Kf6 27. Na4 Nc6
28. Re6+ Kf7 29. c4 Nxa5 30. Nxc5 Rc7 31. b4 Nxc4 32. Kb1 Nd6 33. Rde1 Ne4 34.
Nxe4 fxe4 35. R1xe4 Rxd5 36. Rb6 Rd1+ 37. Kb2 Rd2+ 38. Kb3 Rxh2 39. Ree6 Rf2 40.
Rf6+ Ke7 41. Rbe6+ Kd7 42. Rd6+ Ke7 43. Rfe6+ Kf7 44. Rxg6 Rf3+ 45. Ka4 b5+ 46.
Ka5 Ra3+ 47. Kb6 Rcc3 48. Rxh6 Rxg3 49. Rd7+ Kg8 50. Rc6 Rg7 51. Rc8+ Kh7 52.
Rd6 Rf7 53. Rc7 Rxc7 54. Kxc7 Ra4 55. Rd4 a5 56. Rd7+ Kg6 57. bxa5 Rxa5 58. Rd4
Ra4 59. Rd6+ Kf5 60. Rb6 b4 61. Kc6 Kxf4 62. Kc5 Ke4 63. Rxb4+ Rxb4 64. Kxb4 1/2-1/2

[Event "ch-FRA Blitz Online Qual"]
[Site "Europe-Chess INT"]
[Date "2020.05.16"]
[Round "12"]
[White "Dubois, Herve"]
[Black "Kollar, Romain"]
[Result "0-1"]
[WhiteElo "1836"]
[BlackElo "2205"]
[WhiteFideId "636460"]
[BlackFideId "36017981"]
[EventDate "2020.05.16"]

1. c4 c5 2. Nc3 Nc6 3. Nf3 g6 4. g3 Bg7 5. Bg2 Nh6 6. O-O Nf5 7. e3 O-O 8. b3 b6
9. Bb2 Bb7 10. Rb1 Rb8 11. Nd5 e6 12. Bxg7 Kxg7 13. Nc3 d6 14. d4 Qf6 15. Ne4
Qe7 16. dxc5 dxc5 17. Nc3 Rfd8 18. Qc1 h5 19. Qb2 f6 20. Rfd1 Nb4 21. a3 Nc6 22.
Qc2 Qf7 23. Nb5 a6 24. Nc3 Nce7 25. Na4 Rxd1+ 26. Rxd1 Bc6 27. Nc3 Rh8 28. h4
Rc8 29. Rd2 Nh6 30. Ne4 Nef5 31. Bh3 Qb7 32. Nfg5 fxg5 33. Nxg5 Ng4 34. Qc3+ Kh6
35. Nxe6 Qe7 36. Nf4 Rd8 37. Rxd8 Qxd8 38. Bf1 Kh7 39. Qc2 Qe8 40. b4 Qe4 41.
Qc3 Qh1# 0-1

[Event "ch-FRA Blitz Online Qual"]
[Site "Europe-Chess INT"]
[Date "2020.05.16"]
[Round "12"]
[White "Lamorelle, Yves"]
[Black "Fischler, Oscar"]
[Result "1-0"]
[WhiteTitle "FM"]
[WhiteElo "2052"]
[BlackElo "1864"]
[WhiteFideId "601810"]
[BlackFideId "45190186"]
[EventDate "2020.05.16"]

1. e4 g6 2. d4 Bg7 3. Nc3 d6 4. h3 c6 5. a4 Nf6 6. Nf3 O-O 7. Be2 Nbd7 8. O-O
Qc7 9. Be3 e5 10. a5 exd4 11. Nxd4 Nc5 12. f3 Ne6 13. Qd2 Nxd4 14. Bxd4 Be6 15.
Rfd1 Rfd8 16. Bf1 d5 17. e5 Nd7 18. f4 c5 19. Nb5 Qc6 20. Bf2 a6 21. Nd6 Nxe5
22. fxe5 Bxe5 23. Nxb7 Qxb7 24. Bxc5 Qc6 25. Bb6 Rdc8 26. c3 Bc7 27. Bxc7 Rxc7
28. Qe3 Rb8 29. Rd2 Rcb7 30. Qf2 Rb3 31. Re1 Qa4 32. Bxa6 Qxa5 33. Bd3 Qb6 34.
Qxb6 R8xb6 35. Ree2 Kg7 36. Kf2 f5 37. g3 Kf6 38. h4 Bf7 39. Bb1 Rb7 40. Ba2
R3b6 41. Ke3 Re7+ 42. Kd4 Rxe2 43. Rxe2 Rd6 44. b4 Rd8 45. Re5 Ra8 46. Bxd5 Rd8
47. c4 Rb8 48. b5 Bxd5 49. Rxd5 Ke6 50. Re5+ Kd6 51. c5+ Kd7 52. b6 Kc6 53. Re6+
Kb5 54. Kd5 Rd8+ 55. Rd6 Rc8 56. b7 Rxc5+ 57. Kd4 Rc4+ 58. Kd3 Rc1 59. b8=Q+ Kc5
60. Qb6# 1-0

[Event "ch-FRA Blitz Online Qual"]
[Site "Europe-Chess INT"]
[Date "2020.05.16"]
[Round "12"]
[White "Sobry, Sebastien"]
[Black "Lissillour, Baptiste"]
[Result "0-1"]
[WhiteElo "2034"]
[BlackElo "1731"]
[WhiteFideId "622516"]
[BlackFideId "45179620"]
[EventDate "2020.05.16"]

1. e4 c5 2. Nf3 d6 3. d4 cxd4 4. Nxd4 Nf6 5. Nc3 a6 6. Bc4 e6 7. Bb3 b5 8. O-O
Be7 9. f3 O-O 10. Be3 Bb7 11. Qe1 Nbd7 12. Qg3 Kh8 13. Bxe6 Ne5 14. Bb3 Rc8 15.
Nf5 Rg8 16. Rad1 Nc4 17. Bxc4 Rxc4 18. Nxe7 Qxe7 19. Qxd6 Qxd6 20. Rxd6 b4 21.
Na4 Rxc2 22. Bd4 Rgc8 23. Rb6 Bc6 24. Rxa6 Bb5 25. Ra5 Bxf1 26. Kxf1 Rd2 27. Rc5
Ra8 28. Nb6 Rxa2 29. Rc8+ Ng8 30. Bf2 Raxb2 31. Be1 Rxg2 32. Nd7 Rxh2 33. Kg1
Rhe2 34. Kf1 Rec2 35. Ne5 Rxc8 0-1

[Event "ch-FRA Blitz Online Qual"]
[Site "Europe-Chess INT"]
[Date "2020.05.16"]
[Round "12"]
[White "Firouzja, Mohammadreza"]
[Black "Gordon, James"]
[Result "1-0"]
[WhiteElo "2135"]
[BlackElo "1775"]
[WhiteFideId "12573990"]
[BlackFideId "45186154"]
[EventDate "2020.05.16"]

1. e4 d6 2. d4 Nf6 3. Nc3 Nbd7 4. f4 e5 5. Nf3 exd4 6. Qxd4 c6 7. Be3 d5 8. e5
Ng4 9. Bg1 Qb6 10. Qd2 Bc5 11. Na4 Bb4 12. c3 Qa5 13. cxb4 Qxa4 14. Bd4 b5 15.
b3 Qa6 16. a4 Qb7 17. h3 Nh6 18. e6 Nf6 19. f5 Nxf5 20. Qg5 Nxd4 21. Nxd4 Qe7
22. O-O-O Qxb4 23. Qxg7 Qa3+ 24. Kb1 Rf8 25. Qxf6 Qe7 26. Qxe7+ Kxe7 27. Nxc6+
Kd6 28. e7 Re8 29. Bxb5 Bd7 30. Nd4 a6 31. Bxd7 Kxd7 32. Nf5 Ke6 33. g4 Kf6 34.
Rxd5 Rab8 35. Kb2 Rb4 36. Rf1 Kg6 37. Rd8 Rb8 38. Rxb8 Rxb8 39. Nd6 a5 40. e8=Q
Rxe8 41. Nxe8 Kg5 42. Rxf7 Kg6 43. Rf5 h5 44. Rxh5 Kf7 45. Rxa5 Kxe8 46. Rb5 Kd7
47. a5 Ke8 48. a6 Kf7 49. a7 Ke7 50. a8=Q Kd7 51. Qa6 Kc7 52. Rb7+ Kc8 53. Qa8# 1-0

[Event "ch-FRA Blitz Online Qual"]
[Site "Europe-Chess INT"]
[Date "2020.05.16"]
[Round "12"]
[White "Pichon, Ewen"]
[Black "Mekhane, Adam"]
[Result "1-0"]
[WhiteElo "1821"]
[BlackElo "2013"]
[WhiteFideId "45155593"]
[BlackFideId "36050601"]
[EventDate "2020.05.16"]

1. d4 Nf6 2. c4 g6 3. Nc3 Bg7 4. e4 d6 5. f4 O-O 6. Nf3 c5 7. d5 e6 8. Be2 exd5
9. cxd5 Bg4 10. O-O a6 11. h3 Bxf3 12. Bxf3 b5 13. e5 Ne8 14. Re1 Ra7 15. Be3
Rc7 16. Ne4 Nd7 17. Nxd6 Nxd6 18. exd6 Rc8 19. Qd2 Qf6 20. Bg4 Rfd8 21. Rac1
Qxd6 22. f5 Rc7 23. fxg6 hxg6 24. Bg5 Bd4+ 25. Kh1 f6 26. Be6+ Kh7 27. Bf4 Ne5
28. Bxe5 Bxe5 29. Qc2 c4 30. Rf1 Kg7 31. Rce1 Rh8 32. Re4 Rh6 33. a4 Rb7 34.
axb5 axb5 35. Ra1 Qb8 36. Rg4 Ra7 37. Rxa7+ Qxa7 38. Qb1 Qf2 39. Qg1 Qxb2 40.
Qa7+ Kh8 41. Qa8+ Kg7 42. Qb7+ Kh8 43. Qc8+ Kg7 44. Qd7+ Kh8 45. Qe8+ Kg7 46.
Qg8# 1-0

[Event "ch-FRA Blitz Online Qual"]
[Site "Europe-Chess INT"]
[Date "2020.05.16"]
[Round "12"]
[White "Thomas, Anysia"]
[Black "Laville, Renaud"]
[Result "1-0"]
[WhiteTitle "WFM"]
[WhiteElo "2160"]
[BlackElo "1774"]
[WhiteFideId "670472"]
[BlackFideId "640247"]
[EventDate "2020.05.16"]

1. d4 Nf6 2. c4 Nc6 3. Nf3 d6 4. h3 g6 5. Nc3 Bg7 6. e4 O-O 7. d5 Nb4 8. Be3 c5
9. g4 e6 10. Be2 exd5 11. exd5 Nd7 12. Qd2 Ne5 13. Nxe5 Bxe5 14. a3 Na6 15. Bg5
Bf6 16. h4 Re8 17. O-O-O Nc7 18. Rde1 Bd7 19. Bxf6 Qxf6 20. h5 Qxf2 21. hxg6
hxg6 22. Kc2 Qe3 23. Qd1 Qf2 24. Qd2 Qe3 25. Qd1 Qf2 26. Ref1 Qd4 27. Qc1 Qe3
28. Qe1 b5 29. Qh4 Qe5 30. Qh7+ Kf8 31. Qxf7# 1-0

[Event "ch-FRA Blitz Online Qual"]
[Site "Europe-Chess INT"]
[Date "2020.05.16"]
[Round "12"]
[White "Oumer, Walid"]
[Black "Durand-Le Ludec, Brendan-Budok"]
[Result "1/2-1/2"]
[WhiteElo "1365"]
[BlackElo "2205"]
[WhiteFideId "551016630"]
[BlackFideId "26064340"]
[EventDate "2020.05.16"]

1. d4 Nf6 2. c4 g6 3. Nc3 Bg7 4. e4 d6 5. Nf3 O-O 6. Be2 Nbd7 7. O-O e5 8. d5
Nc5 9. Qc2 a5 10. Bg5 h6 11. Be3 Ne8 12. Nd2 f5 13. f4 fxe4 14. Ncxe4 Nxe4 15.
Nxe4 Bf5 16. g4 Bd7 17. fxe5 Rxf1+ 18. Rxf1 Bxe5 19. Bxh6 Bxh2+ 20. Kxh2 Qh4+
21. Kg1 Qxh6 22. Qd3 Qh4 23. Qf3 Qe7 24. Nf6+ Nxf6 25. Qxf6 Qxf6 26. Rxf6 Re8
27. Bd3 Re3 28. Bxg6 Bxg4 29. Rf7 Re1+ 30. Kf2 1/2-1/2

[Event "ch-FRA Blitz Online Qual"]
[Site "Europe-Chess INT"]
[Date "2020.05.16"]
[Round "12"]
[White "Larmet, Nino"]
[Black "Koelsch, Gilbert"]
[Result "0-1"]
[BlackTitle "CM"]
[WhiteElo "1818"]
[BlackElo "2159"]
[WhiteFideId "45105219"]
[BlackFideId "612243"]
[EventDate "2020.05.16"]

1. e4 c5 2. Nc3 Nc6 3. g3 g6 4. Bg2 Bg7 5. d3 e6 6. Nge2 Nge7 7. Bg5 h6 8. Be3
Nd4 9. Qd2 d6 10. O-O Nec6 11. Rae1 Qe7 12. Nd1 Bd7 13. c3 Nxe2+ 14. Rxe2 e5 15.
f4 O-O-O 16. b4 cxb4 17. cxb4 Kb8 18. Nb2 Nd4 19. Bxd4 exd4 20. Nc4 Bb5 21. Rc1
Bxc4 22. Rxc4 Rc8 23. Qc1 Rxc4 24. Qxc4 Rc8 25. Qd5 Rc1+ 26. Kf2 g5 27. f5 Be5
28. b5 h5 29. h3 h4 30. g4 Rc3 31. Rd2 Bg3+ 32. Ke2 Be5 33. Rb2 Qc7 34. Rd2 Bf4
35. Rd1 Rc2+ 36. Kf3 Be3 37. Rf1 Rc5 38. Qb3 d5 39. Ke2 Rc2+ 40. Kd1 Rd2+ 41.
Ke1 Qc1+ 42. Qd1 Qxd1# 0-1

[Event "ch-FRA Blitz Online Qual"]
[Site "Europe-Chess INT"]
[Date "2020.05.16"]
[Round "12"]
[White "Alloui-Cros, Baptiste"]
[Black "Revel, Adrien"]
[Result "1-0"]
[WhiteElo "2139"]
[BlackElo "1859"]
[WhiteFideId "20699824"]
[BlackFideId "624179"]
[EventDate "2020.05.16"]

1. d4 Nf6 2. Nc3 d5 3. Bf4 c5 4. e3 Nc6 5. Nb5 e5 6. dxe5 Ne4 7. Qxd5 Qxd5 8.
Nc7+ Kd8 9. Nxd5 Be6 10. O-O-O Kc8 11. Bg3 h5 12. f3 h4 13. Be1 Ng5 14. Bc3 Ne7
15. e4 Nxd5 16. exd5 Bf5 17. Bd3 Bxd3 18. Rxd3 b6 19. Ne2 Kd7 20. Re3 Re8 21. f4
Nh7 22. Rd1 f6 23. g3 Be7 24. gxh4 fxe5 25. fxe5 Bxh4 26. Kb1 Bg5 27. Rf3 Rhf8
28. Rdf1 Rxf3 29. Rxf3 Rf8 30. Rxf8 Nxf8 31. b3 Ng6 32. h3 a6 33. Bb2 Be3 34. c4
Nf4 35. Nxf4 Bxf4 36. e6+ Ke7 37. Bxg7 1-0

[Event "ch-FRA Blitz Online Qual"]
[Site "Europe-Chess INT"]
[Date "2020.05.16"]
[Round "12"]
[White "Villeneuve, Samuel"]
[Black "Denjoy, Arnaud"]
[Result "1-0"]
[WhiteElo "1807"]
[BlackElo "2166"]
[WhiteFideId "20642105"]
[BlackFideId "26071185"]
[EventDate "2020.05.16"]

1. d4 Nf6 2. Nc3 d5 3. Bf4 a6 4. e3 e6 5. Nf3 c5 6. Bd3 Nc6 7. O-O Bd6 8. Ne5
cxd4 9. Nxc6 bxc6 10. Bxd6 Qxd6 11. exd4 O-O 12. Re1 c5 13. dxc5 Qxc5 14. Qf3
Bb7 15. Qf4 d4 16. Ne4 Nxe4 17. Bxe4 Bxe4 18. Qxe4 Rfd8 19. Red1 g6 20. Rac1
Rab8 21. b3 Rbc8 22. Rd3 a5 23. a4 e5 24. h3 f5 25. Qe2 e4 26. Rdd1 Kg7 27. Kh2
Qc7+ 28. g3 h5 29. h4 d3 30. cxd3 Qxc1 31. Rxc1 Rxc1 32. Qb2+ Kh7 33. Qxc1 Rxd3
34. Qc7+ Kh6 35. Qxa5 e3 36. fxe3 Rxb3 37. Qa7 g5 38. Qa6+ Kg7 39. hxg5 1-0

[Event "ch-FRA Blitz Online Qual"]
[Site "Europe-Chess INT"]
[Date "2020.05.16"]
[Round "12"]
[White "Lorans, Sylvain"]
[Black "Hassler, Tim"]
[Result "1/2-1/2"]
[WhiteElo "2086"]
[BlackElo "1933"]
[WhiteFideId "605794"]
[BlackFideId "36052566"]
[EventDate "2020.05.16"]

1. d4 d5 2. c4 e6 3. Nc3 Nf6 4. cxd5 exd5 5. Bg5 Nbd7 6. e3 c6 7. Bd3 Bd6 8. Qc2
h6 9. Bh4 Qc7 10. Nf3 O-O 11. Rc1 a6 12. O-O Re8 13. a3 b5 14. b4 g5 15. Bg3
Bxg3 16. hxg3 Nb6 17. a4 Nc4 18. a5 Kg7 19. Nd2 Bd7 20. Nb3 h5 21. Nc5 h4 22.
gxh4 Rh8 23. e4 dxe4 24. N3xe4 Rxh4 25. g3 Nxe4 26. Nxe4 Rh6 27. Bxc4 bxc4 28.
Nxg5 Rah8 29. Qe4 Qd8 30. Qf4 Be6 31. Nxe6+ fxe6 32. Qe5+ Kf7 33. Kg2 Qf8 34.
Qf4+ Rf6 35. Qe4 Ke7 36. Rh1 Rxf2+ 37. Kg1 Rxh1+ 38. Kxh1 Qh6+ 39. Qh4+ Qxh4+
40. gxh4 Rf4 41. Rxc4 Rxh4+ 42. Kg2 Kd6 43. Kg3 Re4 44. Kf3 Re1 45. Kf2 Rb1 46.
Ke3 Kd5 47. Rc5+ Kd6 48. Rc4 Kd5 49. Rc5+ Kd6 50. Rc4 1/2-1/2

[Event "ch-FRA Blitz Online Qual"]
[Site "Europe-Chess INT"]
[Date "2020.05.16"]
[Round "12"]
[White "Schweitzer, Adrien"]
[Black "Commin-Humeau, Augustin"]
[Result "1-0"]
[WhiteElo "2086"]
[BlackElo "1971"]
[WhiteFideId "628220"]
[BlackFideId "26093006"]
[EventDate "2020.05.16"]

1. d4 Nf6 2. c4 c5 3. d5 e6 4. Nc3 exd5 5. cxd5 d6 6. e4 g6 7. f4 Bg7 8. Bb5+
Nfd7 9. Bd3 O-O 10. Nf3 Na6 11. O-O Re8 12. Re1 Rb8 13. a4 Nb4 14. Bb1 c4 15.
Be3 b6 16. Bd4 Nc5 17. Bxg7 Kxg7 18. Qd4+ Kg8 19. Qxc4 a5 20. Nd4 Qh4 21. g3 Qh3
22. Ndb5 Ba6 23. e5 h5 24. Ne4 Nxe4 25. Bxe4 Rbc8 26. Qe2 dxe5 27. Bg2 Qf5 28.
Be4 Bxb5 29. axb5 exf4 30. Bxf5 Rxe2 31. Bxc8 Rxe1+ 32. Rxe1 fxg3 33. d6 Nd5 34.
d7 gxh2+ 35. Kxh2 Kg7 36. d8=Q Nf6 37. Qd4 a4 38. Rf1 h4 39. Qxf6+ Kh7 40. Qxf7+
Kh6 41. Qf4+ g5 42. Qf6+ Kh7 43. Bf5+ Kg8 44. Bg6 a3 45. Qf7+ Kh8 46. Qh7# 1-0

[Event "ch-FRA Blitz Online Qual"]
[Site "Europe-Chess INT"]
[Date "2020.05.16"]
[Round "12"]
[White "Ribiere, Damien"]
[Black "Schrefheere, Anthime"]
[Result "1-0"]
[WhiteElo "2083"]
[BlackElo "1750"]
[WhiteFideId "26041634"]
[BlackFideId "657646"]
[EventDate "2020.05.16"]

1. e4 d6 2. Nc3 g6 3. a3 Bg7 4. Bc4 Nf6 5. Ba2 O-O 6. d3 Be6 7. Bxe6 fxe6 8.
Nge2 Nc6 9. O-O Ne5 10. f4 Nf7 11. f5 exf5 12. exf5 Qd7 13. Ng3 d5 14. fxg6 hxg6
15. Bd2 e5 16. Qe2 Rae8 17. Rae1 c5 18. Qf3 d4 19. Nce4 Nxe4 20. Qxe4 Qc6 21.
Qh4 Re6 22. Ne4 c4 23. Rf3 cxd3 24. cxd3 Nh8 25. Rh3 Kf7 26. Ng5+ Ke8 27. Nxe6
Qxe6 28. Qe4 Rf7 29. Rf3 Re7 30. Bb4 Rc7 31. Ref1 Nf7 32. Rg3 g5 33. Bd2 Bf6 34.
Rgf3 Bd8 35. Rf5 Rc2 36. Rxf7 Rxd2 37. Rf8+ Ke7 38. Qxb7+ Qd7 39. R8f7+ 1-0

[Event "ch-FRA Blitz Online Qual"]
[Site "Europe-Chess INT"]
[Date "2020.05.16"]
[Round "12"]
[White "Masset, Jacques"]
[Black "Gordon, Louis"]
[Result "1-0"]
[WhiteElo "2058"]
[BlackElo "1758"]
[WhiteFideId "20603703"]
[BlackFideId "45186162"]
[EventDate "2020.05.16"]

1. d4 Nf6 2. c4 e6 3. Nc3 Bb4 4. Qc2 d5 5. Nf3 O-O 6. Bg5 h6 7. Bxf6 Qxf6 8. e3
Qd8 9. Bd3 Nd7 10. O-O Bxc3 11. bxc3 b6 12. cxd5 exd5 13. e4 dxe4 14. Bxe4 Rb8
15. Rad1 Nf6 16. Bc6 Bb7 17. Ne5 Qd6 18. Bxb7 Rxb7 19. Rfe1 Rbb8 20. h3 Rfe8 21.
c4 c5 22. dxc5 Qxc5 23. Nf3 Rbc8 24. Rxe8+ Rxe8 25. Re1 Rc8 26. Nd2 b5 27. Ne4
Nxe4 28. Rxe4 bxc4 29. Qc3 Qd5 30. Rg4 Qd1+ 31. Kh2 Qd6+ 32. Kg1 g6 33. Rxc4
Qd1+ 34. Kh2 Qd6+ 35. Kg1 Qd1+ 36. Kh2 Qd6+ 37. g3 Rxc4 38. Qxc4 Qd2 39. Kg2 Qa5
40. a4 Qb6 41. Qe4 Kg7 42. Qe5+ Qf6 43. f4 g5 44. Kf3 gxf4 45. Qxf6+ Kxf6 46.
Kxf4 Ke6 47. g4 f6 48. Ke4 Kd6 49. Kf5 Kc5 50. Kxf6 Kb4 51. Kg6 Kxa4 52. Kxh6
Kb5 53. g5 a5 54. g6 a4 55. g7 a3 56. g8=Q a2 57. Qxa2 1-0

[Event "ch-FRA Blitz Online Qual"]
[Site "Europe-Chess INT"]
[Date "2020.05.16"]
[Round "12"]
[White "Gratton, Alexandre"]
[Black "Emmenecker, Pierre-Antoine"]
[Result "0-1"]
[WhiteElo "1792"]
[BlackElo "2172"]
[WhiteFideId "551063689"]
[BlackFideId "36031321"]
[EventDate "2020.05.16"]

1. c4 e6 2. Nf3 d5 3. d4 c5 4. e3 Nc6 5. Nc3 Nf6 6. a3 a6 7. dxc5 Bxc5 8. b4 Ba7
9. Bb2 O-O 10. Be2 dxc4 11. Bxc4 b5 12. Be2 Bb7 13. O-O Rc8 14. Qb3 Qe7 15. Rfd1
h6 16. h3 Rfd8 17. Rxd8+ Rxd8 18. Rd1 Rc8 19. Qc2 Nb8 20. Qd2 Nbd7 21. Nd4 Nb6
22. Rc1 Nc4 23. Bxc4 Rxc4 24. Nce2 Qc7 25. Rxc4 Qxc4 26. Qc3 Ne4 27. Qxc4 bxc4
28. f3 Nf6 29. Kf2 Nd5 30. e4 c3 31. Bc1 e5 32. exd5 exd4 33. Nf4 d3+ 34. Be3 d2 0-1

[Event "ch-FRA Blitz Online Qual"]
[Site "Europe-Chess INT"]
[Date "2020.05.16"]
[Round "12"]
[White "Alvin, Leo"]
[Black "Herbin, Alexandre"]
[Result "1-0"]
[WhiteElo "2025"]
[BlackElo "1869"]
[WhiteFideId "695645"]
[BlackFideId "36047783"]
[EventDate "2020.05.16"]

1. d4 Nf6 2. Nc3 d5 3. Bf4 g6 4. Qd2 Bg7 5. h4 Nbd7 6. O-O-O c5 7. e3 cxd4 8.
exd4 Nb6 9. Kb1 Bf5 10. f3 Rc8 11. g4 Bd7 12. h5 Nc4 13. Bxc4 Rxc4 14. hxg6 hxg6
15. Rxh8+ Bxh8 16. Be5 Bg7 17. Nge2 Qb6 18. Qe3 Rb4 19. b3 e6 20. Nf4 Qc6 21.
Bxf6 Bxf6 22. Ncxd5 Be7 23. Nxb4 Bxb4 24. d5 Qd6 25. Rd3 e5 26. Ne2 Bc5 27. Qh6
Bb5 28. c4 Bd7 29. Qh8+ Ke7 30. Nc3 f5 31. Qg7+ Kd8 32. Nb5 Bxb5 33. cxb5 Bd4
34. gxf5 gxf5 35. Qg5+ Kc7 36. Qxf5 Qb4 37. Qf7+ Kb6 38. Qe6+ Kxb5 39. d6 Qe1+
40. Kc2 Qa1 41. Qc4+ Kb6 42. Rxd4 exd4 43. Kd3 Qf1+ 44. Kxd4 Qf2+ 45. Ke5 Qg3+
46. f4 Qg7+ 47. Ke4 Qg6+ 48. Kf3 Qh5+ 49. Ke3 Qe8+ 50. Qe4 Qd7 51. Qd4+ Ka6 52.
Qa4+ Qxa4 53. bxa4 b6 54. d7 Ka5 55. d8=Q a6 56. Qc7 Kxa4 57. Qxb6 a5 58. Qb3# 1-0

[Event "ch-FRA Blitz Online Qual"]
[Site "Europe-Chess INT"]
[Date "2020.05.16"]
[Round "12"]
[White "Acudad, Marsuk"]
[Black "Hamon, Christian"]
[Result "1-0"]
[WhiteElo "1665"]
[BlackElo "2015"]
[WhiteFideId "689157"]
[BlackFideId "614327"]
[EventDate "2020.05.16"]

1. d4 Nf6 2. c4 e6 3. Nf3 Bb4+ 4. Nbd2 d5 5. Qa4+ Nc6 6. e3 O-O 7. a3 Be7 8. Bd3
dxc4 9. Nxc4 a6 10. Qc2 h6 11. O-O Nd5 12. e4 Nf6 13. e5 Nd5 14. Re1 b5 15. Ncd2
Bb7 16. Nb3 Nb6 17. Bh7+ Kh8 18. Be4 Nd5 19. Bd2 b4 20. Nc5 Bxc5 21. Qxc5 bxa3
22. Rxa3 Qe7 23. Qc1 Rab8 24. Bxh6 g6 25. Bg5 f6 26. Nh4 1-0

[Event "ch-FRA Blitz Online Qual"]
[Site "Europe-Chess INT"]
[Date "2020.05.16"]
[Round "12"]
[White "Maugenest, Ghislain"]
[Black "Duvert, Francois"]
[Result "1-0"]
[WhiteElo "2013"]
[BlackElo "1729"]
[WhiteFideId "36029483"]
[BlackFideId "36072877"]
[EventDate "2020.05.16"]

1. d4 d5 2. c4 Nc6 3. cxd5 Qxd5 4. Nf3 e5 5. Nc3 Bb4 6. e3 exd4 7. exd4 Bg4 8.
Be2 Bxf3 9. Bxf3 Qc4 10. Bxc6+ Qxc6 11. O-O O-O-O 12. Be3 Bxc3 13. bxc3 Qxc3 14.
Qa4 a6 15. Rfc1 Qd3 16. Rab1 Ne7 17. Rb3 Qe4 18. Qb4 b5 19. Qa5 Qb7 20. a4 Nd5
21. axb5 Rhe8 22. Qxa6 Qxa6 23. bxa6 Re6 24. Ra1 Rb6 25. Rxb6 Nxb6 26. Kf1 Kb8
27. Ke2 Rd6 28. Kd3 c5 29. Bf4 c4+ 30. Kc3 Kc7 31. Bxd6+ Kxd6 32. a7 Kc7 33.
a8=Q Nxa8 34. Rxa8 Kd6 35. Rh8 Ke6 36. Kxc4 h6 37. d5+ Kd6 38. Kd4 f6 39. Rh7 1-0